Statistiques concernant La littérature française classique

Cliquez ici pour prendre le quiz!

Statistiques générales

  • Ce quiz a été pris 4 490 fois
  • Le résultat moyen est 19 sur 28

Statistiques - réponses

Titre du romanPrénom de l'auteurNom de l'auteur% Correct
Le père GoriotHonoré deBalzac
98%
Les misérablesVictorHugo
98%
L'étrangerAlbertCamus
97%
Les trois mousquetairesAlexandreDumas
96%
20 000 lieues sous les mersJulesVerne
96%
GerminalEmileZola
96%
Madame BovaryGustaveFlaubert
94%
Boule de suifGuy deMaupassant
94%
Le petit princeAntoine deSaint-Exupéry
92%
Le rouge et le noirvrai nom : Henri BeyleStendhal
87%
A la recherche du temps perduMarcelProust
86%
L'écume des joursBorisVian
84%
La gloire de mon pèreMarcelPagnol
83%
Les lettres de mon moulinAlphonseDaudet
74%
L'amantMargueriteDuras
73%
La mare au diableGeorgeSand
65%
La condition humaineAndréMalraux
64%
Jacques le fatalisteDenisDiderot
58%
Bonjour tristesseFrançoiseSagan
56%
Les faux monnayeursAndréGide
54%
Vipère au poingHervéBazin
45%
Le lionJosephKessel
43%
Le grand MeaulnesAlainFournier
39%
Les rois mauditsMauriceDruon
26%
CollineJeanGiono
25%
GénitrixFrançoisMauriac
25%
Paul et VirginieBernardin deSaint-Pierre
24%
Premier de cordéeRogerFrison-Roche
14%

Distribution des résultats

Percentile par nombre de réponses

% des personnes avec chaque résultat

Votre développement - résultats

Vous n’avez pas pris ce quiz